000 01272cam a22002771i 4500
003 SA-RiAUC
005 20250114054034.0
008 250109s1999 sy g 000 0 ara c
040 _aSA-JeALM
_bara
_cSA-RiAUC
_erda
082 0 4 _a251
090 _a251
_bد ا و
100 1 _aداوودي، صفوان عدنان،
_d1960-
_eمؤلف.
245 1 2 _aاللباب في أصول الفقه :
_bكتاب يقدم علم أصول الفقه بثوب جديد ومنهج ميسر مفيد/
_cتأليف صفوان عدنان داوودي ؛ قرظه مصطفى سعيد الخن، عبد الله بن بيه، محمد فتحي الدريني.
250 _aالطبعة الاولى.
264 1 _aدمشق :
_bدار القلم،
_c1999
300 _a398 صفحة
_c24 سم
336 _aنص
_btxt
_2rdacontent
_3كتاب
337 _aبدون وسيط
_bn
_2rdamedia
338 _aمجلد
_bnc
_2rdacarrier
650 7 _aأصول الفقه الإسلامي
_2aucsh
700 1 _aالخن، مصطفى سعيد،
_d1923-2008
_eمقدم.
700 1 _aبن بيه، عبد الله بن الشيخ المحفوظ،
_d1935-
_eمقدم.
700 1 _aالدريني، فتحي،
_d1923-2013
_eمقدم.
942 _2ddc
_cBOOK
_n0
949 _aSA-JeALM
_d250109
_uosman123
_n1
999 _c4711
_d4711